Statistics for Asia Map with 8 Extra Borders #2

Click here to take the quiz!

General Stats

  • This quiz has been taken 1,632 times
  • The average score is 8 of 8

Answers on the Map

Answers color-coded by a green-red scale on the quiz's map according to % correct below.
 

Answer Stats

Country% Correct
Yemen
99%
Japan
98%
China
97%
Afghanistan
96%
Indonesia
96%
Turkey
96%
Uzbekistan
96%
Jordan
92%

Score Distribution

Percentile by Number Answered

Percent of People with Each Score

Your Score History

You have not taken this quiz